Agenda..../ MNAC
Descripción Física:
v. ; 21 cm
MARC
| LEADER | 00000nam a2200000Ia 4500 | ||
|---|---|---|---|
| 001 | 16785 | ||
| 008 | 160829s1998] xx 000 0 cat d | ||
| 080 | |a FU-45-54 | ||
| 100 | |a Museu Nacional d'Art de Catalunya |9 25191 | ||
| 245 | |a Agenda..../ MNAC | ||
| 260 | |a [Barcelona : |b el Museu, |c 1998] | ||
| 300 | |a v. ; |c 21 cm | ||
| 650 | |a Museu Nacional d'Art de Catalunya |x Guies |9 25192 | ||
| 650 | |a Museu Nacional d'Art de Catalunya |x Activitats culturals |9 25193 | ||
| 866 | |a vbcrlfGener-abril 2004: R. 16785. |x FU-45-54 | ||
| 901 | |a Arxiu | ||
| 942 | |n 1 | ||
| 952 | |0 0 |1 0 |4 0 |6 FU4554 |7 1 |9 43497 |a Arxiu |b Arxiu |d 2016-12-01 |l 0 |o FU-45-54 |p 16785 |r 2016-12-01 00:00:00 |w 2016-12-01 |y ARXIU | ||
| 999 | |c 46043 |d 46043 | ||